Government submission to foot and mouth inquiry published (Record no. 69896)

MARC details
000 -LEADER
fixed length control field 00986cam a2200205 4500
001 - CONTROL NUMBER
control field WB3812-30
008 - FIXED-LENGTH DATA ELEMENTS--GENERAL INFORMATION
fixed length control field 020403n2002 000 0 eng u
035 ## - SYSTEM CONTROL NUMBER
System control number (Sirsi) u117322
245 ## - TITLE STATEMENT
Title Government submission to foot and mouth inquiry published
260 ## - PUBLICATION, DISTRIBUTION, ETC.
Date of publication, distribution, etc. 2002
490 ## - SERIES STATEMENT
Series statement DEFRA News Release
Volume/sequential designation 113/02 22 March 2002, (2)
520 ## - SUMMARY, ETC.
Summary, etc. Government has published its formal submission to the independent 'Anderson Inquiry' into the 2001 outbreak of foot and mouth disease. It outlines what happened during the outbreak, the policies that were followed, what actions have been taken as a result of developments during the outbreak, and sets out plans for the future in the light of lessons learned in advance of the Inquiry's conclusions. Full document at:- http://www.defra.gov.uk/corporate/inquiries/index.asp
590 ## - LOCAL NOTE (RLIN)
Local note WB
650 ## - SUBJECT ADDED ENTRY--TOPICAL TERM
Topical term or geographic name entry element FOOT-AND-MOUTH DISEASE
650 ## - SUBJECT ADDED ENTRY--TOPICAL TERM
Topical term or geographic name entry element INQUIRIES
650 ## - SUBJECT ADDED ENTRY--TOPICAL TERM
Topical term or geographic name entry element FARMING
650 ## - SUBJECT ADDED ENTRY--TOPICAL TERM
Topical term or geographic name entry element DEFRA
690 ## - LOCAL SUBJECT ADDED ENTRY--TOPICAL TERM (OCLC, RLIN)
Topical term or geographic name as entry element Rural
9 (RLIN) 6268
942 ## - ADDED ENTRY ELEMENTS (KOHA)
Suppress in OPAC 0
Holdings
Withdrawn status Lost status Source of classification or shelving scheme Damaged status Not for loan Home library Current library Shelving location Date acquired Total Checkouts Full call number Barcode Date last seen Copy number Price effective from Koha item type
    Dewey Decimal Classification     London London News article 03/04/2002   WB3812-30 117322-1001 06/08/2019 1 06/08/2019 News article